ნორმალური ფორმატი
MARC ფორმატი
ჩანაწერი Personal Name
ჩანაწერთა რაოდენობა, რომელიც გამოყენებულია: 1
001 - CONTROL NUMBER
- control field: 195
003 - CONTROL NUMBER IDENTIFIER
- control field: GE_BSU
005 - DATE AND TIME OF LATEST TRANSACTION
- control field: 20190416182652.0
008 - FIXED-LENGTH DATA ELEMENTS
- fixed length control field: 190416|| aca||aabn | a|a d
040 ## - CATALOGING SOURCE
- Original cataloging agency: GE_BSU
- Transcribing agency: GE_BSU
100 ## - HEADING--PERSONAL NAME
- Personal name: გაული, ვოლფგანგ.
670 ## - SOURCE DATA FOUND
- Source citation: Work cat.: (GE_BSU): გაული, ვოლფგანგ., კონსტიტუციის შემუშავება და მიღება საქართველოში (1993-1995) = Verfassungsgebung in Georgien /
